[Event "TUR-chT 1st League"]
[Site "Konya"]
[Date "2019.07.23"]
[Round "2.5"]
[White "Bozbey, Ali"]
[Black "Sumer, Gun"]
[Result "1-0"]
[WhiteElo "2128"]
[BlackElo "1957"]
[PlyCount "155"]
[EventDate "2019.07.22"]
[EventType "team-swiss"]
[EventRounds "9"]
[EventCountry "TUR"]
[SourceTitle "CBM 191 Extra"]
[Source "ChessBase"]
[SourceDate "2019.09.30"]
[SourceVersion "1"]
[SourceVersionDate "2019.09.30"]
[SourceQuality "1"]
[WhiteTeam "Ankara Dernegi"]
[BlackTeam "Varyant Genclik"]
[WhiteTeamCountry "TUR"]
[BlackTeamCountry "TUR"]

1. e4 c5 2. Nc3 Nc6 3. g3 g6 4. Bg2 Bg7 5. d3 d6 6. Be3 Qa5 7. Nge2 Nd4 8. 0-0 e6 9. f4 Ne7 10. Nc1 0-0 11. Nb3 Qc7 12. Qd2 Rb8 13. Qf2 Nec6 14. g4 f5 15. gxf5 gxf5 16. Kh1 b5 17. Rae1 b4 18. Nd1 Kh8 19. Bc1 a5 20. Ne3 a4 21. Nd2 Ne7 22. Ndc4 Bb7 23. exf5 Nexf5 24. Nxf5 exf5 25. Ne3 Qf7 26. c3 bxc3 27. bxc3 Nb5 28. c4 Nd4 29. Nd5 Rfe8 30. Bb2 Rxe1 31. Rxe1 Re8 32. Bc3 Bc6 33. Qb2 Rxe1+ 34. Bxe1 Qe8 35. Bc3 h6 36. Qd2 Qb8 37. h3 Qb1+ 38. Kh2 a3 39. Ne7 Bxg2 40. Qxg2 d5 41. Bxd4 cxd4 42. Qxd5 Qc2+ 43. Qg2 Qb2 44. Nxf5 Bf8 45. Kg3 Qb1 46. Kh4 Kh7 47. Ng3 Bg7 48. Qe4+ Kh8 49. Qf3 Kh7 50. Nh5 Qe1+ 51. Qg3 Qe7+ 52. Kg4 Qe6+ 53. f5 Qe2+ 54. Qf3 Qd2 55. h4 Qxa2 56. f6 Qb1 57. Qe4+ Kg8 58. Qe6+ Kh7 59. Qf5+ Kg8 60. f7+ Kf8 61. Qc5+ Kxf7 62. Qc7+ Ke6 63. Nxg7+ Kf6 64. Nh5+ Ke6 65. Nf4+ Kf6 66. Qd6+ Kf7 67. Qxa3 Qg1+ 68. Kf5 Qf2 69. Qa7+ Ke8 70. Qb7 Kd8 71. Qb6+ Ke7 72. Qxh6 Kd7 73. Qe6+ Kd8 74. h5 Kc7 75. h6 Kb7 76. h7 Qh4 77. Qf7+ Kc8 78. Qf8+ 1-0

[Event "TUR-chT"]
[Site "Ankara"]
[Date "2018.08.03"]
[Round "11.3"]
[White "Cansun, Can Alp"]
[Black "Bozbey, Ali"]
[Result "1/2-1/2"]
[WhiteElo "1894"]
[BlackElo "2126"]
[PlyCount "125"]
[EventDate "2018.07.25"]
[EventType "team-tourn"]
[EventRounds "13"]
[EventCountry "TUR"]
[SourceTitle "CBM 185 Extra"]
[Source "ChessBase"]
[SourceDate "2018.07.29"]
[SourceVersion "1"]
[SourceVersionDate "2018.07.29"]
[SourceQuality "1"]
[WhiteTeam "Bursa Buyuksehir"]
[BlackTeam "Genc Akademisyenler"]
[WhiteTeamCountry "TUR"]
[BlackTeamCountry "TUR"]

1. e4 g6 2. d4 Bg7 3. Nc3 d5 4. exd5 Nf6 5. Bb5+ Nbd7 6. Nf3 0-0 7. 0-0 Nb6 8. Re1 Nbxd5 9. Nxd5 Nxd5 10. Bc4 Nb6 11. Bb3 a5 12. Bg5 Bf6 13. Bxf6 exf6 14. a4 Nd5 15. Nd2 Be6 16. Ne4 b6 17. Qd2 Kg7 18. Rad1 Qd7 19. c4 Nb4 20. d5 Bf5 21. Nxf6 Kxf6 22. Qd4+ Kg5 23. Qe3+ Kh5 24. h4 f6 25. f3 g5 26. hxg5 fxg5 27. Qd4 c5 28. g4+ Kh6 29. Qe5 Bxg4 30. Qh2+ Kg7 31. fxg4 Qxg4+ 32. Qg2 Qxg2+ 33. Kxg2 Rae8 34. d6 Rxe1 35. Rxe1 Rd8 36. Re6 Nd3 37. Kf3 Nf4 38. Re7+ Kf6 39. Rxh7 Rxd6 40. Rh6+ Ng6 41. Ke3 Kg7 42. Rh1 Ne5 43. Ba2 Rd4 44. b3 Rf4 45. Bb1 Ng4+ 46. Kd2 Kf6 47. Rh8 Rf2+ 48. Kc3 Rf3+ 49. Kb2 Re3 50. Rf8+ Kg7 51. Rb8 Ne5 52. Rb7+ Kf8 53. Rb8+ Ke7 54. Rb7+ Kd6 55. Rxb6+ Nc6 56. Bf5 Kc7 57. Rb5 Re5 58. Bg4 Na7 59. Rxa5 Kb6 60. b4 Re4 61. Bc8 Nxc8 62. Rxc5 Nd6 63. Rxg5 1/2-1/2

[Event "TUR-chT"]
[Site "Ankara"]
[Date "2018.08.02"]
[Round "9.2"]
[White "Shevchenko, Kirill"]
[Black "Bozbey, Ali"]
[Result "1-0"]
[WhiteElo "2554"]
[BlackElo "2126"]
[PlyCount "126"]
[EventDate "2018.07.25"]
[EventType "team-tourn"]
[EventRounds "13"]
[EventCountry "TUR"]
[SourceTitle "CBM 185 Extra"]
[Source "ChessBase"]
[SourceDate "2018.07.29"]
[SourceVersion "1"]
[SourceVersionDate "2018.07.29"]
[SourceQuality "1"]
[WhiteTeam "Deniz su Aquamatch"]
[BlackTeam "Genc Akademisyenler"]
[WhiteTeamCountry "TUR"]
[BlackTeamCountry "TUR"]

1. e4 e5 2. Nf3 Nf6 3. Nxe5 d6 4. Nf3 Nxe4 5. Nc3 Nxc3 6. dxc3 Be7 7. Be3 Nc6 8. Bd3 Be6 9. Qe2 Bf6 10. 0-0-0 0-0 11. h4 Qd7 12. Bg5 Bd8 13. Qe4 f5 14. Qf4 Bf6 15. Rhe1 Kh8 16. Bb5 a6 17. Bxc6 bxc6 18. Bxf6 Rxf6 19. Qa4 c5 20. Qxd7 Bxd7 21. Re7 Rd8 22. Ne5 Re8 23. Rxd7 dxe5 24. Rxc7 h6 25. h5 f4 26. Rdd7 Rf5 27. Rxg7 Rxh5 28. Kd2 Rh2 29. Ke2 e4 30. Rh7+ Kg8 31. Rcg7+ Kf8 32. Rg4 Rxg2 33. Rh8+ Ke7 34. Rxe8+ Kxe8 35. Rxg2 f3+ 36. Kf1 fxg2+ 37. Kxg2 Ke7 38. Kg3 Ke6 39. Kf4 Kd5 40. a4 a5 41. b3 h5 42. Kf5 h4 43. Kf4 h3 44. Kg3 e3 45. fxe3 Ke4 46. b4 cxb4 47. cxb4 axb4 48. a5 Kxe3 49. a6 Kd2 50. a7 Kxc2 51. a8Q b3 52. Qe4+ Kc1 53. Qc4+ Kb2 54. Kxh3 Ka3 55. Kg2 b2 56. Qa6+ Kb3 57. Qb5+ Kc2 58. Qc4+ Kd2 59. Qb3 Kc1 60. Qc3+ Kb1 61. Kf3 Ka2 62. Qc2 Ka1 63. Qa4+ Kb1 1-0

[Event "TUR-chT"]
[Site "Ankara"]
[Date "2018.08.01"]
[Round "8.5"]
[White "Bozbey, Ali"]
[Black "Tasdogen, Dincer"]
[Result "0-1"]
[WhiteElo "2126"]
[BlackElo "2280"]
[PlyCount "118"]
[EventDate "2018.07.25"]
[EventType "team-tourn"]
[EventRounds "13"]
[EventCountry "TUR"]
[SourceTitle "CBM 185 Extra"]
[Source "ChessBase"]
[SourceDate "2018.07.29"]
[SourceVersion "1"]
[SourceVersionDate "2018.07.29"]
[SourceQuality "1"]
[WhiteTeam "Genc Akademisyenler"]
[BlackTeam "Kahramanmaras Buyuksehir"]
[WhiteTeamCountry "TUR"]
[BlackTeamCountry "TUR"]

1. e4 c5 2. Na3 g6 3. c3 Bg7 4. Nf3 Nf6 5. e5 Nd5 6. Bc4 Nb6 7. 0-0 0-0 8. d4 cxd4 9. cxd4 d6 10. Bf4 dxe5 11. Bxe5 Nxc4 12. Nxc4 Be6 13. Bxg7 Kxg7 14. Ne3 Bd5 15. Ne5 Qd6 16. Qg4 Be6 17. Qe4 Nc6 18. Nxc6 bxc6 19. Rac1 Rfc8 20. b3 a5 21. Nc4 Qb4 22. Qe5+ Kg8 23. Qc5 Rd8 24. Qxc6 Rac8 25. Qb6 Bxc4 26. Qxb4 axb4 27. Rxc4 Rxc4 28. bxc4 Rxd4 29. Rc1 Rd2 30. c5 Rxa2 31. c6 Ra8 32. c7 Rc8 33. Kf1 b3 34. Rb1 Rxc7 35. Rxb3 Kg7 36. Ke2 Rc2+ 37. Ke3 Rc6 38. g3 e5 39. h4 Kf6 40. Ra3 Kf5 41. Ra7 Ke6 42. Ra3 h5 43. Rb3 Kf5 44. f3 Rc2 45. Rb4 Rg2 46. Re4 Rxg3 47. Kf2 Rg4 48. Re3 Rxh4 49. Kg3 Ra4 50. Rb3 f6 51. Rc3 g5 52. Rb3 h4+ 53. Kh3 e4 54. fxe4+ Rxe4 55. Rb5+ Kf4 56. Rb2 Re3+ 57. Kg2 f5 58. Rb4+ Re4 59. Rb3 Ke5 0-1

[Event "TUR-chT"]
[Site "Ankara"]
[Date "2018.07.25"]
[Round "1.2"]
[White "Bozbey, Ali"]
[Black "Gulbeyaz, Emir"]
[Result "1/2-1/2"]
[WhiteElo "2126"]
[BlackElo "2074"]
[PlyCount "60"]
[EventDate "2018.07.25"]
[EventType "team-tourn"]
[EventRounds "13"]
[EventCountry "TUR"]
[SourceTitle "CBM 185 Extra"]
[Source "ChessBase"]
[SourceDate "2018.07.29"]
[SourceVersion "1"]
[SourceVersionDate "2018.07.29"]
[SourceQuality "1"]
[WhiteTeam "Genc Akademisyenler"]
[BlackTeam "Karaman Belediye"]
[WhiteTeamCountry "TUR"]
[BlackTeamCountry "TUR"]

1. e4 c5 2. Nc3 Nc6 3. g3 g6 4. Bg2 Bg7 5. d3 d6 6. f4 e6 7. Nf3 Nge7 8. 0-0 0-0 9. Be3 b6 10. e5 d5 11. Bf2 Rb8 12. Qe1 f6 13. exf6 Bxf6 14. Qd2 Nf5 15. Rae1 Bd7 16. g4 Nfd4 17. Nxd4 Bxd4 18. Nd1 Qh4 19. h3 Qh6 20. c3 Bxf2+ 21. Qxf2 e5 22. Bxd5+ Kh8 23. Qg2 Ne7 24. fxe5 Nxd5 25. Qxd5 Qxh3 26. Qxd7 Qg3+ 27. Kh1 Qh3+ 28. Kg1 Qg3+ 29. Kh1 Qh3+ 30. Kg1 Qg3+ 1/2-1/2

[Event "TUR-chT"]
[Site "Kocaeli"]
[Date "2017.08.06"]
[Round "13.4"]
[White "Bozbey, Ali"]
[Black "Tuncer, Tuna"]
[Result "0-1"]
[WhiteElo "2139"]
[BlackElo "2274"]
[PlyCount "100"]
[EventDate "2017.07.26"]
[EventType "team-tourn"]
[EventRounds "13"]
[EventCountry "TUR"]
[SourceTitle "CBM 179 Extra"]
[Source "ChessBase"]
[SourceDate "2017.08.23"]
[SourceVersion "1"]
[SourceVersionDate "2017.08.23"]
[SourceQuality "1"]
[WhiteTeam "Izmir Tas Duvar"]
[BlackTeam "Istanbul Besiktas"]
[WhiteTeamCountry "TUR"]
[BlackTeamCountry "TUR"]

1. e4 c5 2. Nc3 a6 3. Nf3 d6 4. d4 cxd4 5. Nxd4 Nf6 6. Bg5 Nbd7 7. f4 Qc7 8. Qf3 h6 9. Bxf6 Nxf6 10. h3 e6 11. 0-0-0 Be7 12. g4 b5 13. Rg1 Nd7 14. Kb1 Bb7 15. f5 e5 16. Nb3 Rc8 17. Rg2 Nb6 18. Bd3 0-0 19. g5 Bxg5 20. f6 Qd8 21. fxg7 Re8 22. Nd5 Bxd5 23. exd5 e4 24. Bxe4 Qf6 25. Qd3 Nc4 26. Nd4 Nd2+ 27. Rgxd2 Bxd2 28. Rg1 Bg5 29. h4 Qf2 30. Nf3 Rc4 31. Bh7+ Kxg7 32. Rf1 Qg3 33. hxg5 hxg5 34. Rd1 g4 35. b3 Rf4 36. Ne1 Re3 37. Qd2 Kxh7 38. Ng2 Rfe4 39. Nxe3 Rxe3 40. Rh1+ Kg6 41. Kb2 Qe5+ 42. Ka3 g3 43. Rh4 Qg5 44. Qd4 g2 45. Qh8 g1Q 46. Qg8+ Kf6 47. Qd8+ Re7 48. Qh8+ Qg7 49. Rh6+ Ke5 50. Rh5+ f5 0-1

[Event "TUR-chT"]
[Site "Kocaeli"]
[Date "2017.07.30"]
[Round "6.1"]
[White "Bozbey, Ali"]
[Black "Tofan, Ibrahim"]
[Result "0-1"]
[WhiteElo "2139"]
[BlackElo "2194"]
[PlyCount "92"]
[EventDate "2017.07.26"]
[EventType "team-tourn"]
[EventRounds "13"]
[EventCountry "TUR"]
[SourceTitle "CBM 179 Extra"]
[Source "ChessBase"]
[SourceDate "2017.08.23"]
[SourceVersion "1"]
[SourceVersionDate "2017.08.23"]
[SourceQuality "1"]
[WhiteTeam "Izmir Tas Duvar"]
[BlackTeam "Karaman Belediye"]
[WhiteTeamCountry "TUR"]
[BlackTeamCountry "TUN"]

1. e4 e6 2. d3 d5 3. Nd2 b6 4. g3 Bb7 5. Bg2 Nf6 6. Qe2 c5 7. Ngf3 Nc6 8. 0-0 Qc7 9. exd5 Nxd5 10. Nc4 Be7 11. Bg5 Bxg5 12. Nxg5 Nd4 13. Qd2 0-0 14. c3 Nf5 15. Ne3 Ndxe3 16. fxe3 Bxg2 17. Kxg2 h6 18. Nf3 Rad8 19. e4 Ne7 20. Qe2 e5 21. Rad1 f6 22. d4 cxd4 23. cxd4 exd4 24. Nxd4 Qe5 25. Qc4+ Kh8 26. Rfe1 Rc8 27. Qb3 Rfd8 28. Nf3 Qc7 29. Rxd8+ Rxd8 30. e5 f5 31. Re2 Qc6 32. Kf2 Qc5+ 33. Qe3 Qa5 34. a3 Rd1 35. e6 Kh7 36. h4 Qb5 37. Qc3 Rd3 38. Qe5 Qc6 39. Qf4 Qc5+ 40. Kg2 Ng6 41. Qb8 Qd5 42. Rf2 Rxf3 43. Rxf3 Ne5 44. e7 Qxf3+ 45. Kg1 Qe3+ 46. Kf1 Nd3 0-1

[Event "TUR-chT"]
[Site "Kocaeli"]
[Date "2017.07.26"]
[Round "1.4"]
[White "Yilmaz, Goktan"]
[Black "Bozbey, Ali"]
[Result "1/2-1/2"]
[WhiteElo "2202"]
[BlackElo "2139"]
[PlyCount "80"]
[EventDate "2017.07.26"]
[EventType "team-tourn"]
[EventRounds "13"]
[EventCountry "TUR"]
[SourceTitle "CBM 179 Extra"]
[Source "ChessBase"]
[SourceDate "2017.08.23"]
[SourceVersion "1"]
[SourceVersionDate "2017.08.23"]
[SourceQuality "1"]
[WhiteTeam "Panelsan Genc"]
[BlackTeam "Izmir Tas Duvar"]
[WhiteTeamCountry "TUR"]
[BlackTeamCountry "TUR"]

1. e4 d6 2. d4 Nf6 3. Nc3 g6 4. f4 Bg7 5. Nf3 0-0 6. Be3 c5 7. dxc5 Qa5 8. Qd2 dxc5 9. e5 Rd8 10. Bd3 c4 11. exf6 Bxf6 12. Ne4 Qxd2+ 13. Bxd2 cxd3 14. Nxf6+ exf6 15. c4 Be6 16. b3 Na6 17. Bc3 Kg7 18. 0-0-0 Nc5 19. Bd4 Rac8 20. Kb2 Bg4 21. Bxc5 Rxc5 22. Kc3 Bxf3 23. gxf3 Rf5 24. Rxd3 Rxd3+ 25. Kxd3 Rxf4 26. Ke3 Rh4 27. c5 Kf8 28. Rd1 Ke7 29. Rd2 h6 30. a3 a5 31. Rd6 Rxh2 32. Rb6 Kd7 33. b4 Ra2 34. Rxb7+ Kc8 35. c6 Rxa3+ 36. Kd4 Ra4 37. Kc5 Rxb4 38. Rxf7 Rf4 39. Kb6 Rb4+ 40. Kc5 Rf4 1/2-1/2

[Event "Paracin Summer op-A 10th"]
[Site "Paracin"]
[Date "2017.07.08"]
[Round "3.36"]
[White "Bozbey, Ali"]
[Black "Marjanovic, Annamaria"]
[Result "0-1"]
[WhiteElo "2139"]
[BlackElo "2331"]
[PlyCount "94"]
[EventDate "2017.07.07"]
[EventType "swiss"]
[EventRounds "9"]
[EventCountry "SRB"]
[SourceTitle "EXT 2018"]
[Source "ChessBase"]
[SourceDate "2017.10.13"]
[SourceVersion "1"]
[SourceVersionDate "2017.10.13"]
[SourceQuality "1"]

1. e4 c6 2. d4 d5 3. e5 Bf5 4. Nf3 e6 5. Be2 c5 6. Be3 cxd4 7. Nxd4 Ne7 8. 0-0 Nbc6 9. c4 Nxd4 10. Bxd4 dxc4 11. Bxc4 a6 12. Bc3 Nc6 13. a4 Bc5 14. Qf3 0-0 15. Rd1 Bxf2+ 16. Kxf2 Qh4+ 17. Kg1 Qxc4 18. Nd2 Qc5+ 19. Qf2 Qxf2+ 20. Kxf2 Bd3 21. Nf3 Rfd8 22. Rd2 Be4 23. Rad1 Bxf3 24. gxf3 Rxd2+ 25. Rxd2 Rd8 26. Rxd8+ Nxd8 27. Ke3 Nc6 28. Kd3 b5 29. axb5 axb5 30. Ke4 Kf8 31. Bd4 Ke8 32. h3 Ne7 33. Bc5 Nf5 34. Bd4 Kd7 35. Bc5 Kc6 36. Bb4 h6 37. Bf8 Kd7 38. Bb4 Kc6 39. Bf8 g5 40. Bb4 Ng3+ 41. Kd4 Ne2+ 42. Ke4 Ng1 43. Bf8 h5 44. b4 Nxh3 45. Be7 h4 46. f4 Nxf4 47. Bxg5 Nd5 0-1

[Event "Paracin Summer op-A 10th"]
[Site "Paracin"]
[Date "2017.07.07"]
[Round "1.34"]
[White "Bozbey, Ali"]
[Black "Pantelic, Sasa"]
[Result "1/2-1/2"]
[WhiteElo "2139"]
[BlackElo "2358"]
[PlyCount "83"]
[EventDate "2017.07.07"]
[EventType "swiss"]
[EventRounds "9"]
[EventCountry "SRB"]
[SourceTitle "EXT 2018"]
[Source "ChessBase"]
[SourceDate "2017.10.13"]
[SourceVersion "1"]
[SourceVersionDate "2017.10.13"]
[SourceQuality "1"]

1. e4 c5 2. Nc3 Nc6 3. g3 Nf6 4. Bg2 g6 5. d3 Bg7 6. Be3 d6 7. h3 0-0 8. Nge2 Qb6 9. Rb1 Nd4 10. 0-0 Bd7 11. f4 Bc6 12. Qd2 e6 13. g4 Nxe2+ 14. Qxe2 d5 15. e5 Nxg4 16. hxg4 d4 17. Bxc6 Qxc6 18. Ne4 dxe3 19. Qxe3 b6 20. g5 Qd5 21. Qh3 c4 22. Rf2 cxd3 23. cxd3 Rfd8 24. Rd1 Rac8 25. Qg4 Qxa2 26. Nf6+ Bxf6 27. gxf6 Qb3 28. Rfd2 Rc2 29. Qg5 Rxd2 30. Rxd2 Qb4 31. Qh6 Qf8 32. Qxf8+ Kxf8 33. Rc2 h6 34. Rc7 g5 35. fxg5 hxg5 36. Kf2 Kg8 37. Kf3 Rxd3+ 38. Kg4 a5 39. Kxg5 Rd2 40. b4 Rg2+ 41. Kh6 Rh2+ 42. Kg5 1/2-1/2

[Event "TUR Cup"]
[Site "Antalya"]
[Date "2017.02.02"]
[Round "9"]
[White "Demirbas, Emre"]
[Black "Bozbey, Ali"]
[Result "0-1"]
[WhiteElo "1816"]
[BlackElo "1963"]
[PlyCount "78"]
[EventDate "2017.01.28"]
[EventType "swiss"]
[EventRounds "11"]
[EventCountry "TUR"]
[SourceTitle "CBM 176 Extra"]
[Source "ChessBase"]
[SourceDate "2017.03.02"]
[SourceVersion "1"]
[SourceVersionDate "2017.03.02"]
[SourceQuality "1"]

1. Nf3 Nf6 2. c4 g6 3. g3 Bg7 4. Bg2 0-0 5. 0-0 d6 6. Nc3 e5 7. d3 Re8 8. Nd2 c6 9. b4 d5 10. Bb2 Bg4 11. h3 Be6 12. Qc2 Qd7 13. Kh2 Na6 14. a3 Rad8 15. Rad1 h5 16. h4 Ng4+ 17. Kg1 Nh6 18. e4 d4 19. Ne2 Bh3 20. Nb3 Bxg2 21. Kxg2 f5 22. c5 f4 23. Bc1 f3+ 24. Kxf3 Qh3 25. Ng1 Rf8+ 26. Ke2 Qg2 27. Bxh6 Bxh6 28. Nd2 Be3 29. Ndf3 Rxf3 30. Nxf3 Rf8 31. Ke1 Rxf3 32. Qe2 Nc7 33. a4 Ne8 34. b5 Nf6 35. bxc6 bxc6 36. Rb1 Ng4 37. Rb8+ Kg7 38. Rb7+ Kh6 39. Rb2 Nxf2 0-1

[Event "TUR Cup"]
[Site "Antalya"]
[Date "2017.02.01"]
[Round "7"]
[White "Rzayev, Askar Aliakbar"]
[Black "Bozbey, Ali"]
[Result "1/2-1/2"]
[WhiteElo "2074"]
[BlackElo "1963"]
[PlyCount "88"]
[EventDate "2017.01.28"]
[EventType "swiss"]
[EventRounds "11"]
[EventCountry "TUR"]
[SourceTitle "CBM 176 Extra"]
[Source "ChessBase"]
[SourceDate "2017.03.02"]
[SourceVersion "1"]
[SourceVersionDate "2017.03.02"]
[SourceQuality "1"]

1. d4 d6 2. e4 Nf6 3. f3 g6 4. c4 Bg7 5. Nc3 0-0 6. Be3 e5 7. d5 h6 8. Qd2 Kh7 9. Bd3 Na6 10. Nge2 Nd7 11. h4 Ndc5 12. h5 g5 13. g4 Nb4 14. Bxc5 dxc5 15. Ng3 Re8 16. a3 Nxd3+ 17. Qxd3 b6 18. 0-0-0 Bf8 19. Nf5 Bd6 20. Kc2 Bxf5 21. exf5 f6 22. Ne4 Kg7 23. Qb3 Qd7 24. Qb5 Qxb5 25. cxb5 a6 26. a4 axb5 27. axb5 Ra5 28. Ra1 Rea8 29. Rxa5 Rxa5 30. Nc3 Kf7 31. Kd3 Ke7 32. Kc4 Kd7 33. Re1 Ra8 34. b3 Ke7 35. Kd3 Ra3 36. Kc2 c4 37. bxc4 Bb4 38. Re3 Rxc3+ 39. Rxc3 Bxc3 40. Kxc3 Kd7 41. Kb3 Ke7 42. Kc3 Kd7 43. Kb4 Kd6 44. Kb3 Ke7 1/2-1/2

[Event "TUR Cup"]
[Site "Antalya"]
[Date "2017.01.31"]
[Round "6"]
[White "Bozbey, Ali"]
[Black "Metin, Mehmet"]
[Result "0-1"]
[WhiteElo "1963"]
[BlackElo "2170"]
[PlyCount "76"]
[EventDate "2017.01.28"]
[EventType "swiss"]
[EventRounds "11"]
[EventCountry "TUR"]
[SourceTitle "CBM 176 Extra"]
[Source "ChessBase"]
[SourceDate "2017.03.02"]
[SourceVersion "1"]
[SourceVersionDate "2017.03.02"]
[SourceQuality "1"]

1. e4 c5 2. Nc3 Nc6 3. g3 g6 4. Bg2 Bg7 5. d3 d6 6. Be3 e6 7. Qd2 Nd4 8. Nd1 Ne7 9. c3 Ndc6 10. Bh6 Bxh6 11. Qxh6 Ne5 12. Qd2 c4 13. dxc4 Nxc4 14. Qd4 Ne5 15. Ne3 Qb6 16. Qxb6 axb6 17. Ke2 Bd7 18. Nf3 Bb5+ 19. Kd2 Nxf3+ 20. Bxf3 Bc6 21. Ke2 f5 22. exf5 gxf5 23. Bxc6+ bxc6 24. Nc4 Nc8 25. f4 b5 26. Ne3 Nb6 27. Kf3 h5 28. Nc2 Kd7 29. Rhd1 c5 30. a3 h4 31. Kg2 Nd5 32. Rd3 Rag8 33. Rf1 Rg6 34. Ne3 Nf6 35. Rf3 hxg3 36. hxg3 Rgh6 37. Nf1 Ng4 38. Rd2 Rh2+ 0-1

[Event "Troya op 24th"]
[Site "Canakkale"]
[Date "2016.08.09"]
[Round "2"]
[White "Bozbey, Ali"]
[Black "Savchenko, Boris"]
[Result "0-1"]
[WhiteElo "1993"]
[BlackElo "2602"]
[PlyCount "74"]
[EventDate "2016.08.08"]
[EventType "swiss"]
[EventRounds "9"]
[EventCountry "TUR"]
[SourceTitle "CBM 173 Extra"]
[Source "ChessBase"]
[SourceDate "2016.08.29"]
[SourceVersion "1"]
[SourceVersionDate "2016.08.29"]
[SourceQuality "1"]

1. e4 c5 2. Nc3 b6 3. g3 Bb7 4. Bg2 g6 5. d3 Bg7 6. Be3 Nh6 7. h3 Nf5 8. exf5 Bxg2 9. Rh2 Bb7 10. Qd2 gxf5 11. Bh6 Bf6 12. Qf4 Nc6 13. Nge2 e6 14. 0-0-0 a6 15. Re1 d5 16. Ng1 Ne7 17. g4 Kd7 18. Nf3 Ng6 19. Qg3 d4 20. Na4 f4 21. Bxf4 Bxf3 22. Qxf3 Nxf4 23. Qb7+ Ke8 24. Nxb6 Rb8 25. Qc6+ Ke7 26. Nc4 Rc8 27. Qxa6 Qc7 28. Nb6 Rb8 29. Na4 Nxd3+ 30. cxd3 Qxh2 31. Qa7+ Kf8 32. Nxc5 Bg5+ 33. Kd1 Rd8 34. Nd7+ Rxd7 35. Qxd7 Qxf2 36. Qc8+ Kg7 37. Qc2 Qf3+ 0-1

[Event "Troya op 23rd"]
[Site "Canakkale"]
[Date "2015.08.14"]
[Round "8"]
[White "Bozbey, Ali"]
[Black "Aydin, Kaan Ayhan"]
[Result "0-1"]
[WhiteElo "1719"]
[BlackElo "1857"]
[PlyCount "66"]
[EventDate "2015.08.08"]
[EventType "swiss"]
[EventRounds "9"]
[EventCountry "TUR"]
[SourceTitle "CBM 167 Extra"]
[Source "ChessBase"]
[SourceDate "2015.09.14"]
[SourceVersion "1"]
[SourceVersionDate "2015.09.14"]
[SourceQuality "1"]

1. e4 e6 2. d4 d5 3. Nd2 Nf6 4. e5 Nfd7 5. Bd3 c5 6. c3 Nc6 7. Ne2 cxd4 8. cxd4 f6 9. exf6 Nxf6 10. Nf3 Bd6 11. 0-0 Qc7 12. Bg5 0-0 13. Bh4 Nh5 14. Qc2 h6 15. Bh7+ Kh8 16. Bg6 Rxf3 17. gxf3 Bxh2+ 18. Kh1 Nf4 19. Kxh2 Nxg6+ 20. Bg3 Qf7 21. Kg2 e5 22. dxe5 Ngxe5 23. Qc3 Nxf3 24. Rh1 Bg4 25. Rxh6+ Kg8 26. Rxc6 bxc6 27. Qxc6 Re8 28. Qa4 Re4 29. Qb5 Rxe2 30. Qxe2 Nh4+ 31. Kf1 Bxe2+ 32. Kxe2 Qf3+ 33. Kd2 Nf5 0-1

[Event "Troya op 23rd"]
[Site "Canakkale"]
[Date "2015.08.12"]
[Round "6"]
[White "Bozbey, Ali"]
[Black "Sahin, Handenur"]
[Result "0-1"]
[WhiteElo "1719"]
[BlackElo "1835"]
[PlyCount "60"]
[EventDate "2015.08.08"]
[EventType "swiss"]
[EventRounds "9"]
[EventCountry "TUR"]
[SourceTitle "CBM 167 Extra"]
[Source "ChessBase"]
[SourceDate "2015.09.14"]
[SourceVersion "1"]
[SourceVersionDate "2015.09.14"]
[SourceQuality "1"]

1. e4 e5 2. Nf3 Nf6 3. Nxe5 d6 4. Nf3 Nxe4 5. Nc3 Nxc3 6. dxc3 Be7 7. Bf4 Nc6 8. Qd2 Be6 9. 0-0-0 Qd7 10. Kb1 h6 11. Nd4 Nxd4 12. cxd4 Qa4 13. d5 Bf5 14. Re1 Qd7 15. Qe3 0-0 16. Qxe7 Rfe8 17. Bb5 Qxe7 18. Rxe7 Rxe7 19. f3 a6 20. Bc4 Rae8 21. Bg3 b5 22. Bb3 Re2 23. Rg1 Rd2 24. Bf4 Rd4 25. Bc1 Re2 26. g4 Bh7 27. h4 a5 28. a3 a4 29. Ba2 Bxc2+ 30. Ka1 Rd1 0-1

[Event "Troya op 23rd"]
[Site "Canakkale"]
[Date "2015.08.10"]
[Round "4"]
[White "Bozbey, Ali"]
[Black "Bacak, Muhammed Kaan"]
[Result "0-1"]
[WhiteElo "1719"]
[BlackElo "1970"]
[PlyCount "102"]
[EventDate "2015.08.08"]
[EventType "swiss"]
[EventRounds "9"]
[EventCountry "TUR"]
[SourceTitle "CBM 167 Extra"]
[Source "ChessBase"]
[SourceDate "2015.09.14"]
[SourceVersion "1"]
[SourceVersionDate "2015.09.14"]
[SourceQuality "1"]

1. e4 d5 2. exd5 Qxd5 3. Nc3 Qd6 4. d4 c6 5. Nf3 Nf6 6. h3 g6 7. Bc4 Be6 8. Bxe6 Qxe6+ 9. Qe2 Qxe2+ 10. Nxe2 Nbd7 11. 0-0 Bg7 12. Re1 0-0 13. Ng3 Rfe8 14. Bd2 Rad8 15. Re2 e6 16. Rae1 Nb6 17. Bg5 h6 18. Bxf6 Bxf6 19. Ne4 Bg7 20. c3 Nc4 21. Ne5 Nd6 22. Nxd6 Rxd6 23. f4 Rc8 24. Nd3 b6 25. Re3 Rd5 26. Kf2 Bf8 27. Re5 Rd7 28. R5e3 Rcd8 29. Ne5 Rc7 30. Kf3 c5 31. dxc5 Rxc5 32. R1e2 Rcd5 33. Nc6 R8d7 34. Ne5 Rc7 35. Rd3 Rxd3+ 36. Nxd3 Rd7 37. Ne5 Rd1 38. c4 Bc5 39. g3 Kg7 40. Kg2 a5 41. Nf3 a4 42. Rd2 Ra1 43. b3 a3 44. Ne5 Bb4 45. Rc2 Bc5 46. Rd2 g5 47. fxg5 hxg5 48. Nc6 Rb1 49. Kf3 Rb2 50. Ke2 Bd6 51. g4 Bf4 0-1

[Event "Antalya op"]
[Site "Antalya"]
[Date "2011.01.15"]
[Round "6"]
[White "Bozbey, Ali"]
[Black "Ulusal, Mehmet Haci"]
[Result "0-1"]
[WhiteElo "1615"]
[BlackElo "1817"]
[PlyCount "96"]
[EventDate "2011.01.08"]
[EventType "swiss"]
[EventRounds "9"]
[EventCountry "TUR"]
[SourceTitle "EXT 2012"]
[Source "ChessBase"]
[SourceDate "2011.11.24"]
[SourceVersion "1"]
[SourceVersionDate "2011.11.24"]
[SourceQuality "1"]

1. e4 d5 2. exd5 Qxd5 3. Nc3 Qd8 4. d4 e6 5. Nf3 Nf6 6. Bc4 Be7 7. 0-0 0-0 8. Bf4 c6 9. Re1 Nbd7 10. Qe2 Nb6 11. Bb3 Re8 12. Rad1 Nbd5 13. Bg3 Nxc3 14. bxc3 Nd5 15. Bxd5 exd5 16. Rd3 Bd7 17. Re3 Bf6 18. Ne5 Be6 19. Ng4 Kf8 20. Nxf6 Qxf6 21. Be5 Qd8 22. Rg3 f6 23. Qf3 Bf7 24. h3 fxe5 25. dxe5 Kg8 26. Qg4 Bg6 27. h4 Re7 28. Re2 Qe8 29. Qg5 Qf7 30. Rf3 Qe6 31. Rg3 Rf8 32. h5 Rf5 33. hxg6 Rxg5 34. gxh7+ Kxh7 35. Rxg5 Rf7 36. Re3 Rf5 37. Rh3+ Kg8 38. Rg4 Rxe5 39. Rgh4 Re1+ 40. Kh2 Qe5+ 41. f4 Qf6 42. Rh8+ Kf7 43. Rf3 Re2 44. Rh5 Rxc2 45. Rg5 Rxa2 46. Rfg3 Rc2 47. Rxg7+ Qxg7 48. Rxg7+ Kxg7 0-1